1413 1192 1977 1867 1250 1893 1530 1240 1465 1971 1706 1361 1027 1202 1262 1814 1409 1696 1228 1469 1940 1880 1190 1873 1027 1418 1464 1873 1803 1789 1665 1741 1609 1459 2000 1314 1290 1409 1315 1135 1125 1075 1332 1081 1022 1200 1473 1761 1378 1918 1148 1316 1427 1918 1007 1085 1607 1722 1108 1073 1674 1820 1214 1228 1801 1969 1379 1386 1011 1549 1357 1151 1795 1902 1677 1034 1248 1497 1435 1054 1872 1183 1309 1057 1874 1338 1240 1195 1363 1938 1072 1390 1827 1784 1613 1497 1861 1735 1250 BCNSPRNW ULIB Ver.6.0+V

เปลี่ยนเป็นภาษาไทย

Change to English
 แสดงรายละเอียดบรรณานุกรม
  กลับหน้าหลัก

Brief Record : Get Marc (ISO 2709) : E-mail record : QR code < ปิดหน้าต่าง
LEADER : 00000nam a2200000Ia 4500
001    13399125540
003     ULIB
008    170112s2559 th a 000 0 tha d
020    ^a9786164135383
040    ^abrv
060 04 ^aWK270^bค144ม
100 0  ^aคนึงนิจ กิ่งเพชร
245 00 ^aมะเร็งต่อมไทรอยด์ รักษาได้--ไม่สิ้นหวัง /^cผู้เขียน, คนึงนิจ กิ่งเพชร ;ผู้วาดภาพประกอบ, พจนา เกียรติประไพ
250    ^aพิมพ์ครั้งที่ 1
260    ^aกรุงเทพฯ :^bจรัญสนิทวงศ์การพิมพ์,^c2559
300    ^a138 หน้า :^bภาพประกอบ ;^c17 ซม.
650  4 ^aต่อมธัยรอยด์, เนื้องอก
650  4 ^aต่อมธัยรอยด์, เนื้องอก^xการรักษาด้วยรังสี
650  4 ^aต่อมธัยรอยด์, โรค
650  4 ^aต่อมธัยรอยด์, โรค^xการวินิจฉัย
650  4 ^aต่อมไทรอยด์, เนื้องอก
700 0  ^aพจนา เกียรติประไพ,^eผู้วาดภาพประกอบ
945    ^p159^l0^i25216
995    ^aกัณชพร
999    ^aกัณชพร
รายการนี้ยังไม่มีแท็ก
คุณยังไม่ได้ล็อกอิน คุณสามารถมีกิจกรรมร่วมกับเว็บไซต์ได้ แต่ต้องล็อกอินก่อน ::
  ล็อกอิน

รายการสื่อสารสนเทศ

ลำดับที่ ประเภท เลขเรียก/บาร์โค้ด สถานที่ สถานะ
1. หนังสือสำรอง
หนังสือสำรอง
WK270 ค144ม ฉ.1 
  Barcode: 25216
ห้องสมุดวิทยาเขตนครสวรรค์
►หนังสือทั่วไป:l:General Books
บนชั้น

รายการใกล้เคียง
    ผู้แต่ง [คนึงนิจ กิ่งเพชร]

    หัวเรื่อง [ต่อมธัยรอยด์, เนื้องอก]
    หัวเรื่อง [ต่อมธัยรอยด์, โรค]
    หัวเรื่อง [ต่อมไทรอยด์, เนื้องอก]

BibComment


ยังไม่เคยถูกคอมเมนท์

คอมเมนท์ทรัพยากรรายการนี้
  คอมเมนท์: มะเร็งต่อมไทรอยด..


 Copyright 2026. Bcnsprnw @Library